[Event "Razuvaev Memorial online"]
[Site "Chess.com INT"]
[Date "2020.11.06"]
[Round "3"]
[White "Potkin, Vladimir"]
[Black "Lautier, Joel"]
[Result "1/2-1/2"]
[WhiteElo "2583"]
[BlackElo "2658"]
[PlyCount "115"]
[EventDate "2020.11.06"]
[EventType "tourn (blitz)"]
[EventRounds "7"]
[EventCountry "USA"]
[EventCategory "18"]
[SourceTitle "CBM 199 Extra"]
[Source "ChessBase"]
[SourceDate "2021.01.31"]
[SourceVersion "1"]
[SourceVersionDate "2021.01.31"]
[SourceQuality "1"]

1. d4 d5 2. c4 e6 3. Nc3 Bb4 4. e3 Nf6 5. a3 Bxc3+ 6. bxc3 0-0 7. cxd5 exd5 8. Bd3 c5 9. Ne2 Nc6 10. 0-0 Qa5 11. f3 Re8 12. Bd2 Qc7 13. Ng3 Be6 14. Rf2 Rac8 15. a4 b6 16. Bc1 cxd4 17. cxd4 Nb4 18. Bb5 Bd7 19. Bd2 a5 20. Bxb4 axb4 21. Bxd7 Qxd7 22. Nf1 Rc4 23. Rb2 Ra8 24. Nd2 Rc3 25. Rxb4 Qe7 26. Rxb6 Qxe3+ 27. Kh1 Rd3 28. Rb2 Qxd4 29. Qb1 g6 30. Nf1 Kg7 31. a5 Rxa5 32. Rxa5 Rd1 33. Ra1 Rxb1 34. Raxb1 h5 35. Rd2 Qe5 36. Rbd1 h4 37. Rd3 Qe2 38. h3 Qe5 39. Ne3 Nh5 40. Nxd5 Ng3+ 41. Kg1 Ne2+ 42. Kf2 Ng3 43. Ne3 Qf4 44. Rd4 Qf6 45. Nd5 Qe5 46. R1d2 Nh1+ 47. Kg1 Qe1+ 48. Kh2 Nf2 49. Rxf2 Qxf2 50. Re4 Qg3+ 51. Kh1 f5 52. Re7+ Kh6 53. Re2 Qd6 54. Rd2 Qc5 55. Kh2 Qd6+ 56. Kh1 Qg3 57. Re2 Qd6 58. Rd2 1/2-1/2

[Event "FRA-ARM m"]
[Site "Paris"]
[Date "2009.06.24"]
[Round "4"]
[White "Sargissian, Gabriel"]
[Black "Lautier, Joel"]
[Result "1/2-1/2"]
[WhiteElo "2660"]
[BlackElo "2658"]
[PlyCount "103"]
[EventDate "2009.06.24"]
[EventType "schev (rapid)"]
[EventRounds "8"]
[EventCountry "FRA"]
[SourceTitle "CBM 130 Extra"]
[Source "ChessBase"]
[SourceDate "2009.07.02"]
[SourceVersion "2"]
[SourceVersionDate "2009.07.15"]
[SourceQuality "1"]

1. d4 d5 2. c4 e6 3. Nc3 Bb4 4. Nf3 Nf6 5. cxd5 exd5 6. Bg5 Nbd7 7. e3 c5 8. Bd3 Qa5 9. Qc2 c4 10. Bf5 0-0 11. 0-0 Re8 12. Nd2 g6 13. Bh3 Bxc3 14. bxc3 Ne4 15. Nxe4 dxe4 16. Bf4 Nf6 17. Bxc8 Raxc8 18. Be5 Nd5 19. Rfc1 f6 20. Bg3 Qa3 21. Rab1 b6 22. h3 a6 23. Qb2 Qa4 24. Qc2 Qd7 25. a4 g5 26. Qd1 Kg7 27. Qg4 Qxg4 28. hxg4 Kg6 29. Kf1 h5 30. gxh5+ Kxh5 31. Ke2 Kg6 32. Kd2 Rh8 33. Rh1 Rce8 34. Bd6 Kf7 35. Rxh8 Rxh8 36. f3 Re8 37. Re1 Kg6 38. Bg3 Kf5 39. Bf2 Kg6 40. Rh1 Kg7 41. Re1 Kg6 42. Rh1 Kg7 43. Re1 f5 44. fxe4 Rxe4 45. Rh1 Re6 46. Rh5 Kg6 47. Rh8 f4 48. exf4 Nxf4 49. Bg3 Kg7 50. Rb8 Re2+ 51. Kd1 Rxg2 52. Bxf4 1/2-1/2

[Event "FRA-chT Top 16 GpB"]
[Site "France"]
[Date "2007.04.29"]
[Round "4.5"]
[White "Pucher, Sebastien"]
[Black "Lautier, Joel"]
[Result "0-1"]
[WhiteElo "2254"]
[BlackElo "2656"]
[PlyCount "64"]
[EventDate "2007.02.09"]
[EventType "team-tourn"]
[EventRounds "11"]
[EventCountry "FRA"]
[SourceTitle "EXT 2008"]
[Source "ChessBase"]
[SourceDate "2007.11.25"]
[SourceVersion "1"]
[SourceVersionDate "2007.11.25"]
[SourceQuality "1"]
[WhiteTeam "Metz Fischer"]
[BlackTeam "Paris Chess 15"]
[WhiteTeamCountry "FRA"]
[BlackTeamCountry "FRA"]

1. e4 c5 2. Nf3 Nc6 3. d4 cxd4 4. Nxd4 Nf6 5. Nc3 e5 6. Ndb5 d6 7. Bg5 a6 8. Na3 b5 9. Bxf6 gxf6 10. Nd5 f5 11. Bd3 Be6 12. 0-0 Bxd5 13. exd5 Ne7 14. c3 Bg7 15. Qh5 e4 16. Bc2 0-0 17. Rad1 Rc8 18. Bb3 f4 19. Nc2 f5 20. Nd4 Bxd4 21. Rxd4 Ng6 22. Re1 Rc7 23. f3 e3 24. Bc2 Qf6 25. Bd3 Rg7 26. Kh1 Ne5 27. Bc2 Rg5 28. Qh4 Qg6 29. Qxf4 Rxg2 30. Qxe3 Kh8 31. Re2 Rg8 32. Rd1 Nxf3 0-1

[Event "FRA-chT Top 16 GpB"]
[Site "France"]
[Date "2007.02.11"]
[Round "3.4"]
[White "Jakovenko, Dmitrij"]
[Black "Lautier, Joel"]
[Result "1/2-1/2"]
[WhiteElo "2691"]
[BlackElo "2656"]
[PlyCount "117"]
[EventDate "2007.02.09"]
[EventType "team-tourn"]
[EventRounds "11"]
[EventCountry "FRA"]
[SourceTitle "CBM 116 Extra"]
[Source "ChessBase"]
[SourceDate "2007.03.07"]
[SourceVersion "1"]
[SourceVersionDate "2007.03.07"]
[SourceQuality "1"]
[WhiteTeam "Clichy"]
[BlackTeam "Paris Chess 15"]
[WhiteTeamCountry "FRA"]
[BlackTeamCountry "FRA"]

1. e4 c5 2. Nf3 e6 3. d4 cxd4 4. Nxd4 Nc6 5. Nc3 a6 6. Be2 Qc7 7. 0-0 Nf6 8. Kh1 Nxd4 9. Qxd4 Bc5 10. Qd2 0-0 11. Qg5 d6 12. Bd3 b5 13. Qg3 Bb7 14. Bh6 Ne8 15. Bd2 Nf6 16. Rae1 Bd4 17. f4 d5 18. e5 Ne4 19. Nxe4 dxe4 20. Bxe4 Bxe4 21. Rxe4 Rfd8 22. Qf3 Rac8 23. Bb4 Bxb2 24. Bd6 Qc3 25. Qf2 f5 26. Rb4 Rc4 27. Rb3 Qd4 28. Qh4 Rd7 29. Rh3 h6 30. Qh5 Rc8 31. Rhf3 Qc4 32. Qg6 Kh8 33. h3 b4 34. Rd3 a5 35. Rfd1 Rg8 36. Rg3 Qxf4 37. Kh2 Bd4 38. Qxe6 Rdd8 39. Rxd4 Qxd4 40. Qxf5 Qd5 41. Rg6 Rde8 42. Qf4 Re6 43. Rg3 Qxa2 44. Qf7 Qd5 45. Rd3 Qc4 46. Rg3 Qd5 47. Rd3 Qc4 48. Rg3 Qc8 49. Bf8 Qxf8 50. Qxe6 Qc5 51. Qd6 Qxc2 52. e6 Qe4 53. Rf3 Re8 54. Rf8+ Rxf8 55. Qxf8+ Kh7 56. e7 Qe5+ 57. Kh1 Qe1+ 58. Kh2 Qe5+ 59. Kh1 1/2-1/2

[Event "FRA-ch 81st"]
[Site "Besancon"]
[Date "2006.08.22"]
[Round "8"]
[White "Fressinet, Laurent"]
[Black "Lautier, Joel"]
[Result "1/2-1/2"]
[WhiteElo "2626"]
[BlackElo "2675"]
[PlyCount "25"]
[EventDate "2006.08.14"]
[EventType "tourn"]
[EventRounds "11"]
[EventCountry "FRA"]
[EventCategory "13"]
[SourceTitle "CBM 113 Extra"]
[Source "ChessBase"]
[SourceDate "2006.09.14"]
[SourceVersion "1"]
[SourceVersionDate "2006.09.14"]
[SourceQuality "1"]

1. e4 c5 2. Nf3 Nc6 3. Bb5 Nf6 4. Bxc6 dxc6 5. d3 g6 6. Bd2 Bg4 7. Bc3 Bg7 8. Nbd2 0-0 9. h3 Bxf3 10. Nxf3 Nh5 11. Bxg7 Nxg7 12. Qd2 f6 13. Qc3 1/2-1/2

[Event "FRA-ch 81st"]
[Site "Besancon"]
[Date "2006.08.21"]
[Round "7"]
[White "Lautier, Joel"]
[Black "Colin, Vincent"]
[Result "1-0"]
[WhiteElo "2675"]
[BlackElo "2415"]
[PlyCount "55"]
[EventDate "2006.08.14"]
[EventType "tourn"]
[EventRounds "11"]
[EventCountry "FRA"]
[EventCategory "13"]
[SourceTitle "CBM 113 Extra"]
[Source "ChessBase"]
[SourceDate "2006.09.14"]
[SourceVersion "1"]
[SourceVersionDate "2006.09.14"]
[SourceQuality "1"]

1. d4 Nf6 2. c4 e6 3. Nf3 Bb4+ 4. Nbd2 Ne4 5. a3 Bxd2+ 6. Nxd2 Nxd2 7. Bxd2 d6 8. Bc3 0-0 9. g3 Nd7 10. Bg2 a5 11. a4 e5 12. c5 Ra6 13. 0-0 Qe7 14. cxd6 Rxd6 15. d5 Ra6 16. Qd2 Nc5 17. Qc2 b6 18. b4 Nb7 19. Qb2 Re8 20. Rfc1 Ra7 21. bxa5 Nxa5 22. Bb4 Qd8 23. Qc2 Bd7 24. Ra3 Qb8 25. Rc3 Nb7 26. Rxc7 Bxa4 27. Qf5 Nd8 28. d6 1-0

[Event "FRA-ch 81st"]
[Site "Besancon"]
[Date "2006.08.14"]
[Round "1"]
[White "Lautier, Joel"]
[Black "Nataf, Igor Alexandre"]
[Result "1/2-1/2"]
[WhiteElo "2675"]
[BlackElo "2592"]
[PlyCount "29"]
[EventDate "2006.08.14"]
[EventType "tourn"]
[EventRounds "11"]
[EventCountry "FRA"]
[EventCategory "13"]
[SourceTitle "CBM 113 Extra"]
[Source "ChessBase"]
[SourceDate "2006.09.14"]
[SourceVersion "1"]
[SourceVersionDate "2006.09.14"]
[SourceQuality "1"]

1. d4 Nf6 2. c4 g6 3. Nc3 Bg7 4. e4 d6 5. f3 0-0 6. Bg5 c5 7. d5 h6 8. Bf4 Nh5 9. Be3 e5 10. Qd2 Kh7 11. Bd3 f5 12. exf5 Bxf5 13. 0-0-0 Bxd3 14. Qxd3 Na6 15. g3 1/2-1/2

[Event "Geller Memorial"]
[Site "Odessa"]
[Date "2006.07.02"]
[Round "2"]
[White "Beliavsky, Alexander G"]
[Black "Lautier, Joel"]
[Result "1-0"]
[WhiteElo "2622"]
[BlackElo "2682"]
[PlyCount "117"]
[EventDate "2006.07.02"]
[EventType "tourn (rapid)"]
[EventRounds "9"]
[EventCountry "UKR"]
[EventCategory "12"]
[SourceTitle "CBM 113 Extra"]
[Source "ChessBase"]
[SourceDate "2006.09.14"]
[SourceVersion "1"]
[SourceVersionDate "2006.09.14"]
[SourceQuality "1"]

1. d4 Nf6 2. c4 e6 3. Nf3 d5 4. g3 Be7 5. Bg2 0-0 6. 0-0 dxc4 7. Qc2 a6 8. Qxc4 b5 9. Qc2 Bb7 10. Bd2 Nbd7 11. Ba5 Rc8 12. Nbd2 Nb8 13. a3 Nc6 14. Bc3 b4 15. axb4 Nxb4 16. Qa4 Bc6 17. Qa5 Rb8 18. Rfc1 Rb5 19. Qa4 Rb8 20. Qd1 Bd5 21. Ne5 Bxg2 22. Kxg2 c5 23. dxc5 Bxc5 24. Qa4 Be7 25. Ndf3 Qe8 26. Ne1 Qxa4 27. Rxa4 Rfc8 28. N1d3 Nxd3 29. Nxd3 Rc6 30. Bxf6 Rxc1 31. Bxe7 Rc6 32. b4 f6 33. Bc5 Rd8 34. f4 Kf7 35. Kf3 h6 36. g4 g5 37. f5 exf5 38. gxf5 Rd5 39. Ke4 Rd8 40. Ra3 h5 41. Kf3 Rb8 42. e4 Re8 43. Ra1 Kg7 44. h4 gxh4 45. Nf4 Kf7 46. Ne6 Rg8 47. Rh1 Rg3+ 48. Kf2 Rc8 49. Rxh4 Rcg8 50. Rxh5 R8g4 51. Rh7+ Kg8 52. Ra7 Rb3 53. e5 Rc4 54. Nd4 Rb2+ 55. Kf3 fxe5 56. f6 Rc3+ 57. Ke4 Rf2 58. Nf5 Rc4+ 59. Kxe5 1-0

[Event "FRA Cup"]
[Site "Paris"]
[Date "2006.06.25"]
[Round "1"]
[White "Naiditsch, Arkadij"]
[Black "Lautier, Joel"]
[Result "1-0"]
[WhiteElo "2664"]
[BlackElo "2682"]
[PlyCount "117"]
[EventDate "2006.06.25"]
[EventType "team-tourn"]
[EventRounds "1"]
[EventCountry "FRA"]
[SourceTitle "CBM 112 Extra"]
[Source "ChessBase"]
[SourceDate "2006.07.14"]
[SourceVersion "1"]
[SourceVersionDate "2006.07.14"]
[SourceQuality "1"]

1. e4 c5 2. Nf3 Nc6 3. Nc3 Nf6 4. Bb5 Qc7 5. 0-0 Nd4 6. Re1 a6 7. Bf1 e5 8. h3 d6 9. a4 Be7 10. Bc4 0-0 11. d3 Be6 12. Ng5 Qd7 13. a5 Bd8 14. Nd5 Bxd5 15. exd5 h6 16. Ne4 Nxe4 17. dxe4 Bg5 18. Bxg5 hxg5 19. c3 Nb5 20. Qh5 f6 21. g3 Qf7 22. Qe2 Qd7 23. Kg2 g6 24. Rh1 Kg7 25. h4 gxh4 26. Rxh4 Rh8 27. Rah1 Rxh4 28. Rxh4 Rh8 29. Qf3 Rxh4 30. gxh4 Na7 31. Be2 Nc8 32. Qg4 f5 33. exf5 Qxf5 34. Qg5 Qxg5+ 35. hxg5 Ne7 36. Bf3 Kf7 37. Kf1 Ke8 38. Ke2 Kd8 39. Kd3 Kc7 40. Kc4 Nc8 41. Be4 Ne7 42. Kb3 Kb8 43. Ka4 Kc7 44. c4 b6 45. f3 Kb7 46. b4 Kc7 47. axb6+ Kxb6 48. Bd3 cxb4 49. Kxb4 a5+ 50. Ka4 Kc5 51. Kxa5 Kd4 52. Bf1 e4 53. fxe4 Kxe4 54. Bg2+ Kf5 55. Kb6 Kxg5 56. Kc7 Nf5 57. Be4 Kf6 58. Bxf5 gxf5 59. c5 1-0

[Event "Olympiad-37"]
[Site "Turin"]
[Date "2006.05.31"]
[Round "10"]
[White "Onischuk, Alexander"]
[Black "Lautier, Joel"]
[Result "1/2-1/2"]
[WhiteElo "2650"]
[BlackElo "2682"]
[PlyCount "43"]
[EventDate "2006.05.21"]
[EventType "team-swiss"]
[EventRounds "13"]
[EventCountry "ITA"]
[SourceTitle "CBM 113"]
[Source "ChessBase"]
[SourceDate "2006.07.31"]
[SourceVersion "1"]
[SourceVersionDate "2006.07.31"]
[SourceQuality "1"]
[WhiteTeam "United States"]
[BlackTeam "France"]
[WhiteTeamCountry "USA"]
[BlackTeamCountry "FRA"]

1. d4 d5 2. c4 c6 3. Nf3 Nf6 4. Nc3 dxc4 5. a4 Bf5 6. Nh4 Bd7 7. e3 e6 8. Bxc4 c5 9. Nf3 Nc6 10. 0-0 Be7 11. dxc5 Bxc5 12. e4 Qb8 13. g3 0-0 14. Bf4 e5 15. Bg5 Be6 16. Bd5 Bg4 17. Bxf6 gxf6 18. Qd3 Nb4 19. Qe2 Nc6 20. Qd3 Nb4 21. Qe2 Nc6 22. Qd3 1/2-1/2

[Event "Olympiad-37"]
[Site "Turin"]
[Date "2006.05.30"]
[Round "9"]
[White "Lautier, Joel"]
[Black "Grischuk, Alexander"]
[Result "1/2-1/2"]
[WhiteElo "2682"]
[BlackElo "2719"]
[PlyCount "37"]
[EventDate "2006.05.21"]
[EventType "team-swiss"]
[EventRounds "13"]
[EventCountry "ITA"]
[SourceTitle "CBM 113"]
[Source "ChessBase"]
[SourceDate "2006.07.31"]
[SourceVersion "1"]
[SourceVersionDate "2006.07.31"]
[SourceQuality "1"]
[WhiteTeam "France"]
[BlackTeam "Russia"]
[WhiteTeamCountry "FRA"]
[BlackTeamCountry "RUS"]

1. d4 Nf6 2. c4 e6 3. Nf3 b6 4. g3 Ba6 5. Qa4 Bb7 6. Bg2 c5 7. dxc5 Bxc5 8. 0-0 0-0 9. Nc3 Be7 10. Bf4 Na6 11. Rfd1 Nc5 12. Qc2 Qc8 13. Rd4 d5 14. cxd5 Nxd5 15. Bg5 Nf6 16. Rc1 h6 17. Bf4 Rd8 18. Rxd8+ Qxd8 19. Rd1 1/2-1/2

[Event "Olympiad-37"]
[Site "Turin"]
[Date "2006.05.28"]
[Round "7"]
[White "Lautier, Joel"]
[Black "Cuartas, Jaime Alexander"]
[Result "1-0"]
[WhiteElo "2682"]
[BlackElo "2458"]
[PlyCount "143"]
[EventDate "2006.05.21"]
[EventType "team-swiss"]
[EventRounds "13"]
[EventCountry "ITA"]
[SourceTitle "CBM 113"]
[Source "ChessBase"]
[SourceDate "2006.07.31"]
[SourceVersion "1"]
[SourceVersionDate "2006.07.31"]
[SourceQuality "1"]
[WhiteTeam "France"]
[BlackTeam "Columbia"]
[WhiteTeamCountry "FRA"]
[BlackTeamCountry "COL"]

1. d4 d5 2. c4 c6 3. Nf3 Nf6 4. Nc3 dxc4 5. a4 Bf5 6. e3 e6 7. Bxc4 Bb4 8. 0-0 0-0 9. Nh4 Nbd7 10. f3 Bg6 11. Nxg6 hxg6 12. Qc2 Qb6 13. Rd1 Rad8 14. Kh1 c5 15. b3 cxd4 16. exd4 Qa5 17. Bb2 Nb6 18. Ne4 Nbd5 19. Qd3 Nf4 20. Qe3 N4d5 21. Qd3 Nf4 22. Qe3 N4d5 23. Qg5 Be7 24. Qg3 a6 25. Rdc1 Rfe8 26. Qf2 Qb6 27. Rc2 Nb4 28. Rcc1 Nbd5 29. Re1 Bb4 30. Re2 Rc8 31. Rc1 Qa5 32. Rec2 b5 33. axb5 axb5 34. Bd3 Rxc2 35. Qxc2 Qb6 36. Qc6 Qxc6 37. Rxc6 Rb8 38. Kg1 Kf8 39. Ra6 Nf4 40. Bf1 N4d5 41. Ra7 Nxe4 42. fxe4 Nc3 43. e5 Nd5 44. Kf2 Rc8 45. Bd3 Rb8 46. Kf3 Kg8 47. g3 Bd2 48. Ke2 Bb4 49. Kf3 Bd2 50. Be4 Nc3 51. Bxc3 Bxc3 52. d5 exd5 53. Bxd5 Bxe5 54. Rxf7 Kh7 55. Be4 b4 56. Re7 Bf6 57. Rc7 Kh6 58. Rc4 Rb5 59. Rc8 Kh7 60. h4 Be7 61. Rc6 Rc5 62. Rxg6 Kg8 63. Rb6 g5 64. Rg6+ Kf7 65. h5 Bf6 66. h6 Re5 67. h7 Re8 68. Rg8 Rf8 69. Kg4 Ke7 70. Bd5 Ke8 71. Kf5 Bc3+ 72. Ke6 1-0

[Event "Olympiad-37"]
[Site "Turin"]
[Date "2006.05.22"]
[Round "2"]
[White "Kurajica, Bojan"]
[Black "Lautier, Joel"]
[Result "1/2-1/2"]
[WhiteElo "2548"]
[BlackElo "2682"]
[PlyCount "82"]
[EventDate "2006.05.21"]
[EventType "team-swiss"]
[EventRounds "13"]
[EventCountry "ITA"]
[SourceTitle "CBM 113"]
[Source "ChessBase"]
[SourceDate "2006.07.31"]
[SourceVersion "1"]
[SourceVersionDate "2006.07.31"]
[SourceQuality "1"]
[WhiteTeam "Bosnia&Herzegovina"]
[BlackTeam "France"]
[WhiteTeamCountry "BIH"]
[BlackTeamCountry "FRA"]

1. d4 Nf6 2. Nf3 d5 3. c4 e6 4. g3 dxc4 5. Qa4+ c6 6. Qxc4 b5 7. Qd3 Bb7 8. Bg2 Nbd7 9. 0-0 a6 10. a4 c5 11. axb5 Be4 12. Qb3 Bd5 13. Qd3 c4 14. Qc2 axb5 15. Rxa8 Qxa8 16. Nc3 Bc6 17. Nh4 Bxg2 18. Nxg2 Qb7 19. Rd1 Be7 20. e4 0-0 21. Bg5 h6 22. Bxf6 Nxf6 23. Ne3 Nd7 24. e5 Rc8 25. Ra1 b4 26. Qe4 Qxe4 27. Nxe4 Nb6 28. Ra7 Bf8 29. Nd6 Bxd6 30. exd6 Rd8 31. Rc7 c3 32. bxc3 bxc3 33. Rc6 Nc8 34. d7 Ne7 35. Rc7 Kh7 36. Kf1 c2 37. Nxc2 Nd5 38. Rb7 Nf6 39. Ne3 Rxd7 40. Rxd7 Nxd7 41. d5 exd5 1/2-1/2

[Event "BCF-chT 0506 (4NCL)"]
[Site "Birmingham"]
[Date "2006.05.01"]
[Round "11.5"]
[White "Lautier, Joel"]
[Black "Smirin, Ilia"]
[Result "1-0"]
[WhiteElo "2682"]
[BlackElo "2662"]
[PlyCount "123"]
[EventDate "2005.10.22"]
[EventType "team-tourn"]
[EventRounds "11"]
[EventCountry "ENG"]
[SourceTitle "EXT 2007"]
[Source "ChessBase"]
[SourceDate "2006.11.23"]
[SourceVersion "1"]
[SourceVersionDate "2006.11.23"]
[SourceQuality "1"]
[WhiteTeam "Guildford"]
[BlackTeam "Wood Green"]
[WhiteTeamCountry "ENG"]
[BlackTeamCountry "ENG"]

1. d4 Nf6 2. c4 g6 3. Nc3 Bg7 4. e4 d6 5. f3 0-0 6. Be3 e5 7. d5 c6 8. Bd3 cxd5 9. cxd5 Nh5 10. Nge2 f5 11. exf5 gxf5 12. 0-0 Nd7 13. Qd2 Ndf6 14. Kh1 Kh8 15. Bg5 Bd7 16. Qc2 Qe8 17. Bxf5 Bxf5 18. Qxf5 Nxd5 19. Qd3 Nhf4 20. Nxf4 Nxc3 21. bxc3 exf4 22. Qxd6 Qh5 23. Bxf4 Rad8 24. Qc7 Qd5 25. Be3 Rc8 26. Qg3 Bxc3 27. Rac1 Bg7 28. Qf2 Rxc1 29. Rxc1 a6 30. Qc2 Rd8 31. Bb6 Re8 32. h3 h6 33. a4 Qg5 34. Rd1 Qf4 35. a5 Qg5 36. Qc4 Qg3 37. Bg1 Qe5 38. Rd7 Qxa5 39. Rxb7 Qa1 40. Qf7 Rd8 41. Ra7 Rg8 42. Qf5 Rf8 43. Qd5 Rg8 44. f4 Qf6 45. Qe4 Rd8 46. Bc5 Qc3 47. Bb6 Qd3 48. Qxd3 Rxd3 49. Rxa6 Rd6 50. Ra8+ Kh7 51. Bc5 Rd5 52. Rc8 h5 53. Rc7 Kg6 54. Bf2 Bh6 55. Rc6+ Kh7 56. Rc4 Rd2 57. Bh4 Bf8 58. Kh2 Rd3 59. Rc7+ Kg6 60. Rc6+ Kh7 61. Rc7+ Kg8 62. Be7 1-0

[Event "FIDE World Cup 15-16"]
[Site "Khanty-Mansiysk"]
[Date "2005.12.16"]
[Round "7.2"]
[White "Lautier, Joel"]
[Black "Sakaev, Konstantin"]
[Result "1/2-1/2"]
[WhiteElo "2680"]
[BlackElo "2668"]
[PlyCount "29"]
[EventDate "2005.11.27"]
[EventType "k.o."]
[EventRounds "7"]
[EventCountry "RUS"]
[SourceTitle "CBM 111"]
[Source "ChessBase"]
[SourceDate "2006.04.04"]
[SourceVersion "1"]
[SourceVersionDate "2006.04.04"]
[SourceQuality "1"]

1. d4 d5 2. c4 c6 3. Nf3 Nf6 4. e3 Bf5 5. Nc3 e6 6. Nh4 Bg6 7. Qb3 Qc7 8. Nxg6 hxg6 9. g3 Nbd7 10. Bg2 Be7 11. 0-0 0-0 12. e4 dxe4 13. Nxe4 Nxe4 14. Bxe4 e5 15. dxe5 1/2-1/2

[Event "FIDE World Cup"]
[Site "Khanty-Mansiysk"]
[Date "2005.12.08"]
[Round "4.4"]
[White "Lautier, Joel"]
[Black "Bacrot, Etienne"]
[Result "1/2-1/2"]
[WhiteElo "2680"]
[BlackElo "2725"]
[PlyCount "114"]
[EventDate "2005.11.27"]
[EventType "k.o."]
[EventRounds "7"]
[EventCountry "RUS"]
[SourceTitle "CBM 111"]
[Source "ChessBase"]
[SourceDate "2006.04.04"]
[SourceVersion "1"]
[SourceVersionDate "2006.04.04"]
[SourceQuality "1"]

1. d4 d5 2. c4 c6 3. Nf3 Nf6 4. Nc3 a6 5. e3 b5 6. c5 g6 7. Bd3 Bf5 8. Bxf5 gxf5 9. Ne5 a5 10. f3 Nfd7 11. Nd3 Bg7 12. Qc2 e6 13. Qf2 Nf6 14. Bd2 Nbd7 15. b4 a4 16. Ne2 Qc7 17. Qh4 0-0-0 18. 0-0-0 Rdg8 19. Be1 Qd8 20. Bg3 h5 21. Bf4 Bh6 22. Rhg1 Ne8 23. Qf2 Bxf4 24. Ndxf4 Kb7 25. g3 Qe7 26. Nc3 Nc7 27. e4 fxe4 28. fxe4 h4 29. g4 Qg5 30. Kb1 Nf6 31. exd5 exd5 32. h3 Re8 33. Rge1 Rxe1 34. Rxe1 Re8 35. Rxe8 Nfxe8 36. Ng2 Qg6+ 37. Qf5 Qh6 38. g5 Qe6 39. Qd3 Ng7 40. Ne2 Qe7 41. Nxh4 Nce6 42. Nf3 Nxg5 43. Ne5 Ne4 44. Kb2 Ne6 45. Qe3 Qh4 46. Nxf7 Qe1 47. Nd6+ Nxd6 48. cxd6 Qxb4+ 49. Kc2 Qxd6 50. h4 Ng7 51. Qg5 Qd7 52. Kd2 Qf7 53. Nf4 b4 54. h5 Nxh5 55. Nxh5 Qf2+ 56. Kd3 Qf3+ 57. Kd2 Qf2+ 1/2-1/2

[Event "FIDE World Cup"]
[Site "Khanty-Mansiysk"]
[Date "2005.12.07"]
[Round "4.2"]
[White "Lautier, Joel"]
[Black "Bacrot, Etienne"]
[Result "1/2-1/2"]
[WhiteElo "2680"]
[BlackElo "2725"]
[PlyCount "94"]
[EventDate "2005.11.27"]
[EventType "k.o."]
[EventRounds "7"]
[EventCountry "RUS"]
[SourceTitle "CBM 111"]
[Source "ChessBase"]
[SourceDate "2006.04.04"]
[SourceVersion "1"]
[SourceVersionDate "2006.04.04"]
[SourceQuality "1"]

1. d4 d5 2. c4 c6 3. Nf3 Nf6 4. e3 a6 5. Bd3 Bg4 6. Nbd2 e6 7. 0-0 c5 8. cxd5 Qxd5 9. e4 Qd8 10. e5 Nfd7 11. Qb3 Qb6 12. Qc4 Qb4 13. Qxb4 cxb4 14. Nc4 Nc6 15. Be3 Bxf3 16. gxf3 b5 17. Be4 bxc4 18. Bxc6 0-0-0 19. a3 bxa3 20. bxa3 Kc7 21. Be4 Nb6 22. Rfc1 Be7 23. a4 Rb8 24. a5 Nd5 25. Rxc4+ Kd7 26. Bd2 Rhc8 27. Rxc8 Kxc8 28. Bd3 Nc7 29. Kf1 Bb4 30. Be3 g6 31. Ke2 Bc3 32. Ra3 Rb2+ 33. Kd1 Bb4 34. Ra1 Kd7 35. Bc4 Bc3 36. Ra3 Bb4 37. Ra4 Bc3 38. Kc1 Nb5 39. f4 Kc6 40. Bf1 Rb4 41. Bg2+ Kd7 42. Rxb4 Bxb4 43. Bb7 Bxa5 44. Bxa6 Kc6 45. Kc2 Kb6 46. Bc8 Kc7 47. Ba6 Kb6 1/2-1/2